000 00406nam a2200157Ia 4500
008 221030s9999 xx 000 0 und d
020 _a8131501949
041 _aEnglish
082 _a105.23
100 _aE. O. Hwang
245 0 _adigital Logic & Microprocessor Design With VHDL
_cby E. O. Hwang
260 _bThomson Learning
_aSingapore
_c2007
300 _a588
650 _aBE Computer
942 _cBK
999 _c5475
_d5475